<?xml version="1.0" encoding="UTF-8"?><?xml-stylesheet type="text/xsl" href="static/style.xsl"?><OAI-PMH xmlns="http://www.openarchives.org/OAI/2.0/" xmlns:xsi="http://www.w3.org/2001/XMLSchema-instance" xsi:schemaLocation="http://www.openarchives.org/OAI/2.0/ http://www.openarchives.org/OAI/2.0/OAI-PMH.xsd"><responseDate>2026-04-17T06:54:02Z</responseDate><request verb="GetRecord" identifier="oai:www.recercat.cat:10459.1/83881" metadataPrefix="marc">https://recercat.cat/oai/request</request><GetRecord><record><header><identifier>oai:recercat.cat:10459.1/83881</identifier><datestamp>2024-12-04T13:01:16Z</datestamp><setSpec>com_2072_3622</setSpec><setSpec>col_2072_478537</setSpec></header><metadata><record xmlns="http://www.loc.gov/MARC21/slim" xmlns:dcterms="http://purl.org/dc/terms/" xmlns:xsi="http://www.w3.org/2001/XMLSchema-instance" xmlns:doc="http://www.lyncode.com/xoai" xsi:schemaLocation="http://www.loc.gov/MARC21/slim http://www.loc.gov/standards/marcxml/schema/MARC21slim.xsd">
   <leader>00925njm 22002777a 4500</leader>
   <datafield ind2=" " ind1=" " tag="042">
      <subfield code="a">dc</subfield>
   </datafield>
   <datafield ind2=" " ind1=" " tag="720">
      <subfield code="a">Fabra Amorós, Adrià</subfield>
      <subfield code="e">author</subfield>
   </datafield>
   <datafield ind2=" " ind1=" " tag="260">
      <subfield code="c">2022-09-27T11:58:17Z</subfield>
   </datafield>
   <datafield ind2=" " ind1=" " tag="260">
      <subfield code="c">2022-09-27T11:58:17Z</subfield>
   </datafield>
   <datafield ind2=" " ind1=" " tag="260">
      <subfield code="c">2022-09</subfield>
   </datafield>
   <datafield ind2=" " ind1=" " tag="520">
      <subfield code="a">En aquest estudi es presenta la solució a l’objectiu plantejat en aquest projecte.&#xd;
Aquest consisteix en l’aplicació de millores en una xarxa insegura per cobrir les&#xd;
actuals fallides de seguretat que presenta. Per aconseguir-ho, s’exposarà en&#xd;
primer lloc, el procés de disseny on es prendran les decisions necessàries per&#xd;
desenvolupar la xarxa. En segon lloc, es durà a terme la posada en marxa i la&#xd;
configuració dels equips implicats en el funcionament de la infraestructura. Per&#xd;
últim, es comprovarà el correcte funcionament de les configuracions aplicades&#xd;
per finalment presentar una infraestructura de xarxa dinàmica i segura.</subfield>
   </datafield>
   <datafield ind2=" " ind1=" " tag="520">
      <subfield code="a">This study presents the solution to the objective set out in this project. This&#xd;
consists of the application of improvements in an insecure network to cover the&#xd;
current security failures it presents. To achieve this, the design process where&#xd;
the necessary decisions will be taken to develop the network will be exposed first.&#xd;
Secondly, the commissioning and configuration of the equipment involved in the&#xd;
operation of the infrastructure will be carried out. Finally, the correct operation of&#xd;
the applied configurations will be checked to finally present a dynamic and secure&#xd;
network infrastructure.</subfield>
   </datafield>
   <datafield ind1="8" ind2=" " tag="024">
      <subfield code="a">http://hdl.handle.net/10459.1/83881</subfield>
   </datafield>
   <datafield tag="653" ind2=" " ind1=" ">
      <subfield code="a">Xarxes</subfield>
   </datafield>
   <datafield tag="653" ind2=" " ind1=" ">
      <subfield code="a">Comunicacions</subfield>
   </datafield>
   <datafield tag="653" ind2=" " ind1=" ">
      <subfield code="a">TIC</subfield>
   </datafield>
   <datafield tag="653" ind2=" " ind1=" ">
      <subfield code="a">Seguretat</subfield>
   </datafield>
   <datafield tag="653" ind2=" " ind1=" ">
      <subfield code="a">Ordinadors, Xarxes d'</subfield>
   </datafield>
   <datafield tag="653" ind2=" " ind1=" ">
      <subfield code="a">Seguretat</subfield>
   </datafield>
   <datafield ind2="0" ind1="0" tag="245">
      <subfield code="a">Securització dinàmica d’una xarxa</subfield>
   </datafield>
</record></metadata></record></GetRecord></OAI-PMH>